Регионална библиотека "Любен Каравелов" - Русе

Сентръл Парк (Запис номер 172669)

MARC детайли
000 -Лидер
Контролно поле с фиксирана дължина 01337nam a2200373 c 4500
003 - Код на организацията, давaща контролен номер
Контролно поле BLK
005 - Дата и час на последна редакция
Контролно поле 20250411170442.0
008 - Елементи от данни с фиксирана дължина
fixed length control field 180411b bul|||||r ||||||| ||bul||
010 ## - Наследен системен номер
LC control number KNG00181010000
020 ## - Международен стандартен номер на книга ISBN
Международен стандартен номер на книга ISBN 9786191525416
040 ## - Източник на каталожния запис
Идентификатор на билиотеката - собственик на записа BLK
041 ## - Код за език
Код за езика на текст/звукозапис или на отделно заглавие Български
Код за езика КДБФ Български
072 #7 - Код за тематичната категория
Код организация bullib
Код за тематична категория Н83
Текст Чужда художествена литература Н
080 ## - УДК
Текстов определител УДК Френска литература
УДК код - определител по УДК 821.133.1
УДК определител -31
УДК - код + определител 821.133.1-31
100 1# - Редна дума - Автор
Автор Мюсо, Гийом
Авторска отговорност първи автор
R(LIN) 291666
139 ## - Редно поле
Редна дума Мюсо, Гийом
Авторски знак Мю - М 98
245 10 - Сведения за заглавието
Заглавие Сентръл Парк
Подзаглавни данни Роман
Редно поле (дума) Гийом Мюсо; прев. от фр. Георги Цанков.
257 ## - Страна на издаване
Страна на създаване/издаване Франция
260 ## - Област на издателските данни
Място на издаване, разпространение и проч. София
Име на издателя, разпространителя и проч. Изток-Запад
Година на издаване 2014
300 ## - Физическа характеристика
Страници 298 с.
Размери/Мащаб 22 см
380 ## - Жанр
Жанр Худож. лит.
500 ## - Общи забележки
Забележка Ориг. загл. Central Park / Guillaume Musso. - Съдържа и за авт.
653 ## - Ключова дума – ненормативна
Ключова дума романи
659 ## - Тематичен бюлетин
Тематичен бюлетин Н
700 ## - Други автори (авторска отговорност)
Лично име Цанков, Георги
Автороска отговорност (Описва отношението между автора и произведението) прев. от фр.
Друга информация Цанев, Георги Цанков
9 (RLIN) 1177
852 ## - Местоположение
Форматна сигнатура Цб 276468
856 4# - Електронен адрес и достъп
Електронен формат pdf - файл
856 4# - Електронен адрес и достъп
Електронен формат pdf - файл
999 ## - СИСТЕМНИ КОНТРОЛНИ НОМЕРА
Koha biblionumber 172669
Koha biblioitemnumber 172669
942 ## - АРТИКУЛИ
Вид на библиотечния материал Книги
Скрит в OPAC Не
Koha issues (borrowed), all copies 54
Периодичен библиозапис Да
944 ## - СЪЗДАВАНЕ И РЕДАКЦИЯ на ЗАПИСА
Създаване/Редакция Създаване
Дата на регистрацията/редакция 04.09.2015
Статус, дата на статуса Цветомила Тодорова
Служител, извършил регистрацията/редакцията 30576
944 ## - СЪЗДАВАНЕ И РЕДАКЦИЯ на ЗАПИСА
Създаване/Редакция Редакция
Дата на регистрацията/редакция 17.12.2015
Статус, дата на статуса ф /
Служител, извършил регистрацията/редакцията Людмила_Стоянова
999 ## - СИСТЕМНИ КОНТРОЛНИ НОМЕРА
Koha biblioitemnumber 172669
999 ## - СИСТЕМНИ КОНТРОЛНИ НОМЕРА
Koha biblioitemnumber 172669
Наличности
Код за отписване Код за изгубен артикул Код за повреда Коз за рестрикции Код за отдаване Артикулен № Име на библиотеката - собственик Име на библиотеката, в която се намира в момента Статус (Текущо местоположение) Дата на вписване в системата Местоположение - отдел Цена в лева Инвентарен номер Систематично азбучна сигнатура Баркод Номер на екземпляра Цена в евро Служебна бележка Служебен тип на артикула Източник на класификационната схема
  Не е изгубен Не е повреден без рестрикции ползва се в читалня 294375 Регионална библиотека "Любен Каравелов" Русе Регионална библиотека "Любен Каравелов" Русе Хранилище 2015-09-04 Хранилище 17.00 120000791960 Цб 276468 120000791960 1 8.69 Дост: Dp Вид: Д N: 23 Дата: 25.05.2015 Книги  
Изтеглен Не е изгубен Не е повреден   заемане за дома 721576 Регионална библиотека "Любен Каравелов" Русе Регионална библиотека "Любен Каравелов" Русе Количка 2019-06-12 Заемна - подръчен фонд 12.76   П 840-31/М 98 120000832910   6.52   Книги Universal Decimal Classification
  Не е изгубен Не е повреден без рестрикции заемане за дома 799436 Регионална библиотека "Любен Каравелов" Русе Регионална библиотека "Любен Каравелов" Русе Заемна - подръчен фонд 2020-09-17 Заемна - подръчен фонд 11.90   821-31/М 98 Г 120000846684   6.08   Книги Universal Decimal Classification
  Не е изгубен Не е повреден без рестрикции заемане за дома 799437 Регионална библиотека "Любен Каравелов" Русе Регионална библиотека "Любен Каравелов" Русе Заемна - подръчен фонд 2020-09-17 Заемна - подръчен фонд 11.90   821-31/М 98 Г 120000846683   6.08   Книги Universal Decimal Classification
Vip Innovations Ltd, Rousse, Bulgaria 2025